| 000 | 01047nam a2200265Ia 4500 | ||
|---|---|---|---|
| 003 | OSt | ||
| 005 | 20221005111240.0 | ||
| 006 | a|||||r|||| 00| 0 | ||
| 007 | ta | ||
| 008 | 221004b |||||||| |||| 00| 0 hin d | ||
| 020 |
_a8181430948 (hbk) _c100 |
||
| 024 | _a98240 | ||
| 037 |
_b561-A, 23/03/2009, Vani Prakashan _cTextual |
||
| 040 |
_aCRL _cCRL _bhin |
||
| 041 |
_2hin _ahin |
||
| 082 | _aO152,1N33:g, P3 | ||
| 100 | _aमुजावर, सरदार | ||
| 245 | 0 | _aदुष्यन्त कुमार की ग़ज़लों का समीक्षात्मक अध्ययन | |
| 246 | _aDuṣhyanta kumār kī ग़ज़loan kā samīkṣhātmak adhyayana | ||
| 260 |
_aनई दिल्ली _bवाणी प्रकाशन भारत _c2003 |
||
| 300 |
_a68पृ0 _ccm. |
||
| 650 | _aहिन्दी साहित्य | ||
| 942 |
_hO152,1N33:g, P3 _cTEXL _2cc |
||
| 999 |
_c1021265 _d1021265 |
||